Finančná analýza vybraného podniku bakalárska práca

Enregistré dans:
Détails bibliographiques
Auteur principal: Ostapčuk, Dávid
Collectivité auteur: Fakulta podnikového manažmentu EU. Katedra podnikových financií
Autres auteurs: Smorada, Marián, 1984-
Format: Livre
Langue:slovaque
Publié: Bratislava 2018
Tags: Ajouter un tag
Pas de tags, Soyez le premier à ajouter un tag!

MARC

LEADER 00000nbm a2200000 4500
001 0244592
005 20180927103531.3
041 0 |a slo 
044 |a SK 
245 1 0 |a Finančná analýza vybraného podniku  |b bakalárska práca  |c Dávid Ostapčuk ; školiteľ: Marián Smorada 
264 1 |a Bratislava  |c 2018 
300 |a 61 s. 
100 1 |a Ostapčuk, Dávid 
700 1 |a Smorada, Marián, 1984- 
710 2 |a Fakulta podnikového manažmentu EU. Katedra podnikových financií